Principles of traveling wave tubes / (Record no. 175662)
[ view plain ]
| 000 -LEADER | |
|---|---|
| fixed length control field | 01162 a2200205 4500 |
| 003 - CONTROL NUMBER IDENTIFIER | |
| control field | Nust |
| 005 - DATE AND TIME OF LATEST TRANSACTION | |
| control field | 20230830091343.0 |
| 010 ## - LIBRARY OF CONGRESS CONTROL NUMBER | |
| LC control number | 94007670 |
| 020 ## - INTERNATIONAL STANDARD BOOK NUMBER | |
| Terms of availability | 0890067201 |
| 040 ## - CATALOGING SOURCE | |
| Transcribing agency | Nust |
| 082 00 - DEWEY DECIMAL CLASSIFICATION NUMBER | |
| Classification number | 621.381335,GIL |
| 100 1# - MAIN ENTRY--PERSONAL NAME | |
| Personal name | Gilmour, A. S. |
| 9 (RLIN) | 68952 |
| 245 10 - TITLE STATEMENT | |
| Title | Principles of traveling wave tubes / |
| Statement of responsibility, etc. | A.S. Gilmour, Jr. |
| 260 ## - PUBLICATION, DISTRIBUTION, ETC. | |
| Place of publication, distribution, etc. | Boston : |
| Name of publisher, distributor, etc. | Artech House, |
| Date of publication, distribution, etc. | c1994. |
| 300 ## - PHYSICAL DESCRIPTION | |
| Extent | xiii, 625 p. : |
| Other physical details | ill. ; |
| Dimensions | 24 cm. |
| 440 #0 - SERIES STATEMENT/ADDED ENTRY--TITLE | |
| Title | Artech House radar library |
| 9 (RLIN) | 28729 |
| 505 ## - FORMATTED CONTENTS NOTE | |
| Formatted contents note | Introduction (Page-1), Static Fields Produced by Electrons (Page-11), Electron Motion in Static Electric Fields (Page-17),Influence of Magnetic Field on Electron Motion (Page-33), Cathodes (Page-47), Electron Guns (Page-103), Electron Beams (Page-151), Beam-Gap Interactions (Page-211), Electron Bunching (Page233), Traveling Wave Interaction (Page-273), Wave Velocities and Dispersion (Page-307), Helix TWTS (Page-323), Coupled Cavity TWTS (Page-359), Depressed Collectors (Page-395), Noise (Page-419), Nonlinearities and Distortion (Page-451), Breakdown and Protection (Page-463), Reliability (Page-507), |
| 650 #0 - SUBJECT ADDED ENTRY--TOPICAL TERM | |
| Topical term or geographic name entry element | Telecommunication Engineering. |
| 942 ## - ADDED ENTRY ELEMENTS (KOHA) | |
| Koha item type | Reference |
| Source of classification or shelving scheme | |
| Withdrawn status | Lost status | Source of classification or shelving scheme | Damaged status | Not for loan | Permanent Location | Current Location | Shelving location | Date acquired | Full call number | Barcode | Date last seen | Price effective from | Koha item type | Public note |
|---|---|---|---|---|---|---|---|---|---|---|---|---|---|---|
| Military College of Signals (MCS) | Military College of Signals (MCS) | Reference | 12/12/2016 | 621.381335,GIL | MCS27247 | 12/08/2016 | 12/12/2016 | Reference | Almirah No.21, Shelf No.3 |
